Online Catalogue and eLibrary

Weikileaks Horava (Record no. 5829)

MARC details
000 -LEADER
fixed length control field 00457nam a2200157Ia 4500
005 - DATE AND TIME OF LATEST TRANSACTION
control field 20250612031327.0
008 - FIXED-LENGTH DATA ELEMENTS--GENERAL INFORMATION
fixed length control field 240331s9999 xx 000 0 und d
020 ## - INTERNATIONAL STANDARD BOOK NUMBER
ISBN 9789556770773
082 ## - DDC Classification
Item Number - Author Mark PAT
Class No. 321
100 ## - MAIN ENTRY--PERSONAL NAME
Personal name Pathirana,M
245 #0 - TITLE STATEMENT
Title Weikileaks Horava
260 ## - PUBLICATION, DISTRIBUTION, ETC.
Place of publication, distribution, etc. Colombo
Name of publisher, distributor, etc. Fast Publishing ( Private) Limited
Date of publication, distribution, etc. 2011
300 ## - PHYSICAL DESCRIPTION
Extent (e.g. Volumes, Pages etc.) 426 p .,
500 ## - GENERAL NOTE
General note The fall of neoliberal hegemony and the rise Asia as a postmodern turning point
942 ## - Koha item type (Biblio)
Koha item type Books in Stacks (Lending)
Holdings
Lost status Damaged status Collection code Home library Current library Shelving location Date acquired Full call number Accession Number Item type
    Lending WERC Library WERC Library Social Science Cupboard 03/31/2024 321 PAT 6685 Books in Stacks (Lending)

© WERC Library